00842cam a2200217 a 450000500170000000800410001702000150005804000290007304100080010204400080011008200190011810000320013724500790016926000470024830000790029550400700037465000460044465000460049065000440053665000440058020160802105259.0930407s1993 nyuab b 001 0 eng  a0801481392 aDLCcDLCdDLCdCO-BoIAVH0 aeng axxu04a584.4012bD81f1 aDressler, Robert L.,d1927-10aField guide to the orchids of Costa Rica and Panama /cRobert L. Dressler. aIthaca :bComstock Pub. Associates,c1993. aix, 374 páginas :bilustraciones (algunas a color), mapas ;c24 x 16 cm. aIncluye referencias bibliográficas: páginas 14-15 e índice.26aOrchidaceaezCosta RicaxIdentificación24aOrquídeaszCosta RicaxIdentificación26aOrchidaceaezPanamáxIdentificación26aOrquídeaszPanamáxIdentificación